[Event "Llinars del Valles op-B 8th"]
[Site "Llinars del Valles"]
[Date "2014.06.21"]
[Round "8"]
[White "Piquer Guadamuro, Marc"]
[Black "Cecilia Aguado, Francesc"]
[Result "1-0"]
[WhiteElo "1846"]
[BlackElo "1962"]
[PlyCount "75"]
[EventDate "2014.04.26"]
[EventType "swiss"]
[EventRounds "8"]
[EventCountry "ESP"]
[SourceTitle "EXT 2018"]
[Source "ChessBase"]
[SourceDate "2017.10.13"]
[SourceVersion "1"]
[SourceVersionDate "2017.10.13"]
[SourceQuality "1"]

1. e4 e5 2. Nf3 Nc6 3. Bc4 Be7 4. 0-0 d6 5. h3 Nf6 6. Nc3 0-0 7. d4 exd4 8. Nxd4 Nxd4 9. Qxd4 Be6 10. Bxe6 fxe6 11. e5 Nd7 12. exd6 cxd6 13. Qg4 Rf6 14. Be3 Ne5 15. Qb4 d5 16. Qxb7 Rg6 17. Bxa7 Rc8 18. Bb6 Qf8 19. a4 Rb8 20. Qa6 Rxg2+ 21. Kxg2 Qf3+ 22. Kg1 Qxh3 23. f4 Qg3+ 24. Kh1 Qh3+ 25. Kg1 Ng4 26. Qe2 Rxb6 27. b4 Bf6 28. Rad1 Bxc3 29. Rf3 Qh2+ 30. Qxh2 Nxh2 31. Rxc3 Ng4 32. b5 Kf7 33. Rb1 Ke7 34. a5 Rb8 35. b6 d4 36. Rc7+ Kd6 37. Rxg7 Ne3 38. a6 1-0

[Event "Llinars del Valles op-B 8th"]
[Site "Llinars del Valles"]
[Date "2014.06.14"]
[Round "7"]
[White "Cutura Sole, Alexandre"]
[Black "Piquer Guadamuro, Marc"]
[Result "0-1"]
[WhiteElo "1920"]
[BlackElo "1846"]
[PlyCount "74"]
[EventDate "2014.04.26"]
[EventType "swiss"]
[EventRounds "8"]
[EventCountry "ESP"]
[SourceTitle "EXT 2015"]
[Source "ChessBase"]
[SourceDate "2014.11.20"]
[SourceVersion "1"]
[SourceVersionDate "2014.11.20"]
[SourceQuality "1"]

1. e4 g6 2. Nf3 Bg7 3. d4 d6 4. c3 Nf6 5. Bd3 0-0 6. 0-0 Nbd7 7. Bg5 c5 8. d5 Qc7 9. Nbd2 a6 10. c4 h6 11. Bh4 Re8 12. h3 Nh5 13. Rb1 Nf4 14. Bc2 Rb8 15. Bg3 Nh5 16. Bh2 b5 17. Bd3 bxc4 18. Nxc4 Nb6 19. b3 Bd7 20. Qd2 Nxc4 21. bxc4 a5 22. a3 e5 23. Bc2 g5 24. Qd1 Nf4 25. Bxf4 exf4 26. Nh2 Rxb1 27. Bxb1 Rb8 28. Qd3 Rb2 29. Bc2 Qb8 30. Rb1 Rxb1+ 31. Bxb1 Qb2 32. Ng4 h5 33. Nh2 Bd4 34. Bc2 Ba4 35. Nf3 Qxc2 36. Qxc2 Bxc2 37. Nxd4 cxd4 0-1

[Event "Llinars del Valles op-B 8th"]
[Site "Llinars del Valles"]
[Date "2014.04.26"]
[Round "1"]
[White "Piquer Guadamuro, Marc"]
[Black "Gonzalez Navarro, Carlos Manuel"]
[Result "1-0"]
[WhiteElo "1846"]
[BlackElo "1700"]
[PlyCount "59"]
[EventDate "2014.04.26"]
[EventType "swiss"]
[EventRounds "8"]
[EventCountry "ESP"]
[SourceTitle "EXT 2015"]
[Source "ChessBase"]
[SourceDate "2014.11.20"]
[SourceVersion "1"]
[SourceVersionDate "2014.11.20"]
[SourceQuality "1"]

1. e4 c5 2. c4 Nc6 3. Nc3 g6 4. f4 e6 5. Nf3 Be7 6. Be2 f5 7. 0-0 d6 8. d3 Nf6 9. b3 0-0 10. Bb2 a6 11. Qe1 Qc7 12. exf5 exf5 13. Ng5 Nd4 14. Qh4 Nxe2+ 15. Nxe2 Nh5 16. Qe1 Bxg5 17. fxg5 Be6 18. Qc3 Qg7 19. Qd2 Qd7 20. Nf4 Nxf4 21. Rxf4 Rf7 22. Qc3 Rg7 23. Re1 Re8 24. Rf2 Qf7 25. Rfe2 Kf8 26. Qxg7+ Qxg7 27. Bxg7+ Kxg7 28. Rxe6 Rxe6 29. Rxe6 Kf7 30. Rxd6 1-0